1480 1194 1240 1522 1995 1951 1274 1696 1484 1809 1599 1448 1744 1113 1793 1114 1315 1038 1831 1248 1153 1670 1233 1606 1999 1068 1125 1344 1779 1322 1263 1845 1745 1133 1443 1400 1580 1023 1436 1531 1042 1031 1115 1038 1833 1465 1796 1675 1191 1116 1189 1229 1587 1582 1882 1457 1712 1092 1865 1721 1490 1794 1495 1827 1276 1319 1460 1234 1802 1070 1930 1607 1016 1469 1829 1579 1375 1604 1840 1556 1374 1581 1425 1881 1631 1910 1478 1201 1215 1376 1861 1362 1327 1106 1398 1283 1538 1605 1679 BCNSPRNW ULIB Ver.6.0+V

เปลี่ยนเป็นภาษาไทย

Change to English
 แสดงรายละเอียดบรรณานุกรม
  กลับหน้าหลัก

Brief Record : Get Marc (ISO 2709) : E-mail record : QR code < ปิดหน้าต่าง
LEADER : 00000nam 2200000uu 4500
001    13399107802
003     ULIB
008    110203s2552||||th 000 0 tha d
020    9742939314
060 04 WY159^bก496 2552
245 00 การพยาบาลเด็ก เล่ม 2 /^cบรรณาธิการ, พรทิพย์ ศิริบูรณ์พิพัฒนา
250    พิมพ์ครั้งที่ 7
260    นนทบุรี :^bโครงการสวัสดิการวิชาการ สถาบันพระบรมราชชนกกระทรวงสาธารณสุข,^c2552
300    [12], 467 หน้า :^bภาพประกอบ ;^c26 ซม.
504    มีบรรณานุกรมและดัชนี
650  7 การพยาบาลกุมารเวชศาสตร์
700 0  พรทิพย์ ศิริบูรณ์พิพัฒนา,^eบรรณาธิการ
710 2  กระทรวงสาธารณสุข
710 2  สถาบันพระบรมราชราชชนก ^bโครงการสวัสดิการวิชาการ
945    ^p250^l0^i028671
945    ^p250^l0^i028670
945    ^p250^l0^i028502
945    ^p250^l0^i015033
945    ^p250^l0^i015034
945    ^p250^l0^i015035
945    ^p250^l0^i017439
945    ^p250^l0^i017440
995    ทศพร
999 ^a ใช้งานได้ทุกระบบ
รายการนี้ยังไม่มีแท็ก
คุณยังไม่ได้ล็อกอิน คุณสามารถมีกิจกรรมร่วมกับเว็บไซต์ได้ แต่ต้องล็อกอินก่อน ::
  ล็อกอิน

รายการสื่อสารสนเทศ

ลำดับที่ ประเภท เลขเรียก/บาร์โค้ด สถานที่ สถานะ
1. วิทยาศาสตร์การแพทย์ และสุขภาพ
วิทยาศาสตร์การแพทย์ และสุขภาพ
WY159 ก496 2552 ฉ.2 
  Barcode: 028671
ห้องสมุดวิทยาเขตสวรรค์ประชารักษ์
►ส่วนจัดเก็บหนังสือเก่า สปร
บนชั้น
  ขอยืม

รายการใกล้เคียง
    หัวเรื่อง [การพยาบาลกุมารเวชศาสตร์]

BibComment


ยังไม่เคยถูกคอมเมนท์

คอมเมนท์ทรัพยากรรายการนี้
  คอมเมนท์: การพยาบาลเด็ก เล่..


 Copyright 2026. Bcnsprnw @Library